El derecho a la proteccin̤ de datos personales de los trabajadores : nuevas perspectivas

Detalles Bibliográficos
Autor principal: Rodrg̕uez Escanciano, Susana
Formato: Libro
Lenguaje:español
Publicado: Albacete : Bomarzo, 2009.
Materias:
Acceso en línea:Acceso restringido

MARC

LEADER 00000cam a2200000ui 4500
005 2011110402242.0
008 090515s2009 sp 000 0 spa d
017 |a D.L.AB.150-2009 
020 |a 9788496721777 
035 |a 5950 
040 |a NoBUC-UAM.D  |d SpMaUCDE  |d BUS  |d vLex 
080 |a 342.738:331(460) 
090 |c 2739  |d 2739 
100 1 |a Rodrg̕uez Escanciano, Susana. 
245 1 3 |a El derecho a la proteccin̤ de datos personales de los trabajadores :  |h [Recurso electrn̤ico] /  |b nuevas perspectivas   |c Susana Rodrg̕uez Escanciano. 
256 |a Servicio en ln̕ea. 
260 |a Albacete :  |b Bomarzo,  |c 2009. 
300 |a 1 recurso electrn̤ico 
506 1 |a Contenido solo disponible en los productos indicados  |d vLex Global  |d vLex Global (Academic Edition, excluding Law Schools)  |d vLex Global (U.S. Academic Edition, Law Schools)  |d vLex Global (U.S. Academic Edition, excluding Law Schools)  |d vLex Global (Academic Edition, Law Schools) 
650 0 4 |a Derecho a la vida privada  
650 0 4 |a Proteccin̤ de la informacin̤ (Informt̀ica)  
650 0 4 |a Trabajadores  |x Derechos  
740 0 |a vLex Libros (Servicio en ln̕ea) 
856 4 0 |u http://vlex.com/source/derecho-proteccion-datos-personales-trabajadores-nuevas-perspectivas-5950  |z Acceso restringido 
942 |c BOOK